MARC

LEADER 00000nam0a2200000 4500
001 372976
005 20231102012526.0
035 |a (RuTPU)RU\TPU\retro\30401 
035 |a RU\TPU\book\242607 
090 |a 372976 
100 |a 20221215d1983 m y0rusy50 ca 
101 0 |a rus 
102 |a RU 
105 |a a j 001zy 
200 1 |a Технология очистки промышленных сточных вод. Физико-химические, химические и биохимические методы очистки  |e учебное пособие  |f Л. Ф. Комарова  |g Алтайский политехнический институт (АлтПИ) 
210 |a Барнаул  |c Алт. ПТИ  |d 1983 
215 |a 89 с.  |c ил. 
320 |a Библиогр.: с. 86-87 
606 1 |a Сточные воды промышленные  |x Очистка в целом  |2 stltpush  |3 (RuTPU)RU\TPU\subj\57171  |9 75035 
610 1 |a физико-химические методы 
610 1 |a пористые мембраны 
610 1 |a мембранные методы 
610 1 |a метод экстракции 
610 1 |a адсорбционная очистка 
610 1 |a ионообменная очистка 
610 1 |a химические методы 
610 1 |a электрохимические методы 
610 1 |a окислители 
610 1 |a восстановители 
610 1 |a биохимическая очистка 
610 1 |a аэробная очистка 
610 1 |a учебные пособия 
610 1 |a вода 
610 1 |a очистка 
675 |a 628.31.034.2(075.8)  |v 4 
700 1 |a Комарова  |b Л. Ф.  |g Лариса Федоровна 
712 0 2 |a Алтайский политехнический институт (АлтПИ)  |c (Барнаул)  |c (1959-1992)  |2 stltpush  |3 (RuTPU)RU\TPU\col\11271 
801 1 |a RU  |b 63413507  |c 20120924 
801 2 |a RU  |b 63413507  |c 20221215  |g RCR 
942 |c BK